| 000 | 00542nam a2200193 4500 | ||
|---|---|---|---|
| 003 | OSt | ||
| 005 | 20240723025822.0 | ||
| 006 | a | ||
| 008 | 240723b |||||||| |||| 00| 0 eng d | ||
| 020 | _a97897123250429 | ||
| 040 |
_aDWCL-Main lib. _cOC |
||
| 082 | _aFil. 346.07 D346l 2008 | ||
| 100 | _aDe Leon , Hector S. | ||
| 245 | _aThe law on obligations and contracts / | ||
| 260 |
_aManila : _bRex Book Store, _cc2008. |
||
| 300 |
_axxiii, _b459 p. ; _c22cm. |
||
| 650 | _a1. Commercial law-Philippines. | ||
| 942 |
_2ddc _n0 _cBK - FIL _kFil. |
||
| 999 |
_c2582 _d2582 |
||